Hand-Drawn Movies Quiz Stats

Quiz Updated Aug 18, 2016

Also try: Hand-Drawn History
Challenge
Share
Tweet
Score 0/30 Timer 08:00
1 Play Today
% Correct
E.T. the Extra-Terrestrial
99.3%
Raiders of the Lost Ark
93.2%
Forrest Gump
89.5%
Ghostbusters
89.5%
The Exorcist
83.9%
The Silence of the Lambs
83.6%
RoboCop
82.3%
Saturday Night Fever
76.8%
Thelma & Louise
72.2%
Lawrence of Arabia
63.5%
Casablanca
61.2%
Dead Poets Society
60.9%
Top Gun
60.6%
Stand By Me
59.9%
The Green Mile
59.8%
% Correct
Field of Dreams
59.3%
Misery
58.8%
Terminator 2: Judgment Day
57.2%
Platoon
55.6%
Basic Instinct
45.6%
North by Northwest
45.5%
The Magnificent Seven
38.7%
Captain Phillips
38.7%
Reservoir Dogs
37.4%
A Clockwork Orange
34.1%
Zulu
29%
The Music Box
21%
Highlander
20.5%
Blade Runner
16.8%
The Defiant Ones
3.8%

You're not logged in!

Compare scores with friends on all Sporcle quizzes.
Sign Up with Email
OR
Log In

You Might Also Like...

Show Comments

Extras

Top Quizzes Today


Score Distribution

Your Account Isn't Verified!

In order to create a playlist on Sporcle, you need to verify the email address you used during registration. Go to your Sporcle Settings to finish the process.